000 00746nam a2200241 a 4500
008
049 _aMAIN
090 _aTK145 THE
100 1 _aTheraja, B. L.
245 1 2 _aA textbook of electrical technology volume 1 in basic electrical engineering in S.I. system of units /
_cB.L.Theraja, A.K.Theraja.
260 _aNew Delhi :
_bS.Chand,
_c2005.
300 _aix, 864 p. :
_bill. ;
_c24 cm.
504 _aIncludes index.
650 0 _aElectricity
_xhandbooks, manuals, etc.
700 _aTarnekar,S.G.
700 _aTheraja,A.K.
700 1 _aTheraja, A. K.
907 _a.b1023259x
_b21-11-12
_c16-02-07
003
005 20230123134401.0
040 _cNUST
942 _cBOOKS
_kTK145 THE
999 _c164979
_d164979